000 00519nam a22001932 4500
001 0000001441
005 20170406113435.0
008 140113s xx 000 0 eng d
020 _c$
040 _aYour Holding Symbol
_cYour Holding Symbol
100 1 _aMirza,Hazrat.
245 1 4 _aThe gulf crisis and the new world order.
250 _a ed.
260 _aOhio :
_bFazl-umar press,
_c1928.
300 _a p. :
_b396 ;
_c cm.
504 _aindex.
650 0 _athe gulf war.
908 _a140113
999 _c1354
_d1354